banner-ar

اجعل نقودك تنمو / (Record no. 60482)

MARC details
000 -الفاتح
حقل البيانات ثابتة الطول 01326nam a2200337 4500
005 - وقت وتاريخ اخر تعامل مع التسجيلة
رقم الضبط 20240530110412.0
008 - عناصر البيانات ثابتة الطول - معلومات عامة
حقل البيانات ثابتة الطول 150219s2009 ua co a 001 0 ara d
017 ## - رقم الايداع القانونى
رقم الايداع القانونى 22647/2007
المصدر ( الهيئة المختصة) مصر . دار الكتب المصرية
020 ## - الرقم الدولى المعيارى للكتب
الرقم الدولى المعيارى للكتاب 9771441809
040 ## - مصدر الفهرسة
وكالة الفهرسة الأصلية EG-CaGPL
041 0# - رمز اللغة
رمز لغة النص/ المسارات الصوتية أو العنوان الانفرادي ara
082 04 - رقم تصنيف ديوى العشرى
رقم الطبعة 21
رقم التصنيف 332.4
رقم المادة ط/ب س
100 1# - المدخل الرئيسى - إسم شخصى
الإسم الشخصى بيلللى ، جيرى
الشكل الأكمل للاسم جيرى بيللى
245 10 - بيان العنوان
العنوان اجعل نقودك تنمو /
بيان المسئوليه,etc تاليف جيرى بيللى ، فيليشيل لو ؛ ترجمة هشام شتلة ؛ اشراف داليا محمد ابراهيم
250 ## - بيان الطبعة
بيان الطبعة ط1
260 ## - PUBLICATION, DISTRIBUTION, ETC. (IMPRINT)
تاريخ النشر أو التوزيع 2009
300 ## - الوصف المادى
التعداد 44 ص :
تفاصيل ماديه اخرى للوعاء صور لو ؛
أبعاد الوعاء 32 سم
490 0# - بيان السلسلة
عنوان السلسلة سلسلة اموالى
650 04 - المدخل الاضافى بالموضوع-مصطلح موضوعى
مصطلح موضوعي النقود
650 04 - المدخل الاضافى بالموضوع-مصطلح موضوعى
مصطلح موضوعي السياسة المالية
650 04 - المدخل الاضافى بالموضوع-مصطلح موضوعى
مصطلح موضوعي الاحوال الاقتصادية
650 04 - المدخل الاضافى بالموضوع-مصطلح موضوعى
مصطلح موضوعي النظام النقدى
650 04 - المدخل الاضافى بالموضوع-مصطلح موضوعى
مصطلح موضوعي البنوك
650 04 - المدخل الاضافى بالموضوع-مصطلح موضوعى
مصطلح موضوعي صندوق النقد الدولى
650 04 - المدخل الاضافى بالموضوع-مصطلح موضوعى
مصطلح موضوعي البنك المركزى الاوروبى
700 1# - المدخل الاضافى - اسم شخصى
الإسم الشخصى لو ، فيليشيا
الدور مؤلف مشارك
700 1# - المدخل الاضافى - اسم شخصى
الإسم الشخصى هشام شتلة
الدور مترجم
700 1# - المدخل الاضافى - اسم شخصى
الإسم الشخصى داليا محمد ابراهيم
الدور مشرف
942 ## - عناصر المدخل الإضافي( كوها)
مصدر التصنيف او مخطط الترفيف Dewey Decimal Classification
Koha [default] item type كتاب
260 ## - PUBLICATION, DISTRIBUTION, ETC. (IMPRINT)
-- القاهرة :
-- نهضة مصر للطباعة والنشر والتوزيع ،
Holdings
حالة التراجع حالة الفقد حالة تلف ليس للاعارة المكان المؤقت الموقع الحالى تاريخ الاكتساب اجمالي اﻻعارات رقم الطلب الباركود تاريخ اخر مشاهدة تاريخ تفعيل السعر نوع وعاء كوها تبصرة عامة
        مكتبة القاهرة الكبرى مكتبة القاهرة الكبرى 02/19/2015   332.4 ط/ب س 159540 02/19/2015 02/19/2015 كتاب توحيد الرقم على اساس المؤلف والسلسلة

Powered By

EGPV